Normal view MARC view

Entry Personal Name

Number of records used in: 1

001 - CONTROL NUMBER

  • control field: 1065421

003 - CONTROL NUMBER IDENTIFIER

  • control field: OSt

005 - DATE AND TIME OF LATEST TRANSACTION

  • control field: 20260121170549.0

008 - FIXED-LENGTH DATA ELEMENTS

  • fixed length control field: 260121|| aca||aabn | a|a d

040 ## - CATALOGING SOURCE

  • Original cataloging agency: OSt
  • Transcribing agency: OSt

100 ## - HEADING--PERSONAL NAME

  • Personal name: Yannick Deville, Sharon Gannot, Russell Mason, Mark D. Plumbley, Dominic Ward

670 ## - SOURCE DATA FOUND

  • Source citation: Work cat.: (OSt)1631151: Yannick Deville, Sharon Gannot, Russell Mason, Mark D. Plumbley, Dominic Ward, Latent Variable Analysis and Signal Separation
Copyright @ Delhi University Library System